[Event "BEL-chT 0910"]
[Site "Belgium"]
[Date "2010.03.21"]
[Round "11"]
[White "Mathar, Alfred"]
[Black "Cnossen, Wiebe"]
[Result "0-1"]
[WhiteElo "1734"]
[BlackElo "2152"]
[PlyCount "82"]
[EventDate "2009.09.27"]
[EventType "team-tourn"]
[EventRounds "11"]
[EventCountry "BEL"]
[SourceTitle "EXT 2011"]
[Source "ChessBase"]
[SourceDate "2010.11.26"]
[SourceVersion "1"]
[SourceVersionDate "2010.11.26"]
[SourceQuality "1"]
[WhiteTeam "KSK Rochade"]
[BlackTeam "KSK47 Eynatten II"]
[WhiteTeamCountry "BEL"]
[BlackTeamCountry "BEL"]

1. e4 e6 2. d4 d5 3. e5 c5 4. Bb5+ Bd7 5. Bxd7+ Nxd7 6. c3 Ne7 7. Nf3 Nc6 8. 0-0 b5 9. a3 Qb6 10. Re1 Be7 11. Be3 0-0 12. Nbd2 a5 13. Qc2 h6 14. g4 cxd4 15. cxd4 Rac8 16. Qd3 f6 17. Bxh6 Nxd4 18. Nxd4 fxe5 19. Qg6 Rf7 20. N4f3 Nf8 21. Qh5 gxh6 22. Rxe5 Bf6 23. Re2 Bxb2 24. Rae1 Bg7 25. g5 Rf5 26. Kh1 hxg5 27. Rg1 Nh7 28. Qg6 Nf8 29. Qh5 Nh7 30. Qg6 Rf6 31. Qh5 Rcf8 32. Qg4 Rf5 33. h4 Rf4 34. Qg2 g4 35. Ng5 Rxf2 36. Qxg4 R8f4 37. Qh5 Nf6 38. Qf7+ Kh8 39. Rg2 Rxh4+ 40. Kg1 Rf1+ 41. Kxf1 Rh1+ 0-1